| 000 | 00604nam a2200193 i 4500 | ||
|---|---|---|---|
| 001 | 89220 | ||
| 003 | ES-MaACL | ||
| 005 | 20250405220247.0 | ||
| 007 | t| | ||
| 008 | 050105s1925 cl ||||1| spa d | ||
| 080 | _a821.134.2(82)-14"19" | ||
| 100 | 1 |
_aLardé de Venturino, Alice. _925581 |
|
| 245 | 1 | 0 |
_aAlma viril / _cAlice Lardé de Venturino ; apreciación de José Santos Chocano. |
| 260 |
_aSantiago de Chile : _b[s.n., _c1925] ( _fImp. Nascimento) |
||
| 300 |
_a154 p. ; _c20 cm. |
||
| 700 | 1 |
_aChocano, José Santos, _d1875-1934 _938580 |
|
| 852 |
_aES-MaACL _jF-858 |
||
| 999 |
_c89220 _d89220 |
||